000 00601nam a2200193 i 4500
001 112374
003 ES-MaACL
005 20231229062528.0
007 t|
008 061121s1921 sp r ||||1| spa d
100 1 _aOrtega y Gasset, José,
_d1883-1955
_987503
245 1 0 _aEspaña invertebrada
_b: bosquejo de algunos pensamientos históricos /
_cJosé Ortega y Gasset.
260 _aMadrid :
_bCalpe,
_c1921.
300 _a170 p. ;
_c19 cm.
596 _aEn cubierta 1922.
651 _aEspaña-
_xCivilización-
_xFilosofía.
_9163323
852 _aES-MaACL
_jF-5574
999 _c112374
_d112374